书目信息 |
| 题名: |
陈天华集
|
|
| 作者: | 陈天华 著 ;彭国兴 , 刘晴波 编校 | |
| 分册: | ||
| 出版信息: | 长沙 湖南人民出版社 1982 |
|
| 页数: | 247页 | |
| 开本: | 21cm | |
| 丛书名: | ||
| 单 册: | ||
| 中图分类: | D693.0 | |
| 科图分类: | ||
| 主题词: | 资产阶级民主革命-革命理论--中国--民国--文集 , 革命理论-资产阶级民主革命--中国--民国--文集 | |
| 电子资源: | ||
| ISBN: | ||
| 000 | 00817nam0 2200277 45 | |
| 001 | 0182008716 | |
| 005 | 20060912111135.21 | |
| 010 | @d¥0.83 | |
| 091 | @aCN@b17109.5 | |
| 100 | @a19950627d1982 kemy0chiy0121 ea | |
| 101 | 0 | @achi |
| 102 | @aCN@b430000 | |
| 105 | @af z 000yy | |
| 200 | 10 | @a陈天华集@Achen tian hua ji@f陈天华著@g刘晴波, 彭国兴编校 |
| 210 | @a长沙@c湖南人民出版社@d1982 | |
| 215 | @a247页@c照片@d21cm | |
| 600 | 0 | @a陈天华@x文集 |
| 606 | @a资产阶级民主革命-革命理论@y中国@z民国@x文集 | |
| 606 | @a革命理论-资产阶级民主革命@y中国@z民国@x文集 | |
| 690 | @aD693.0@v2 | |
| 701 | 0 | @a陈天华@Achen tian hua@4著 |
| 702 | 0 | @a彭国兴@Apeng guo xing@4编校 |
| 702 | 0 | @a刘晴波@Aliu qing bo@4编校 |
| 801 | 0 | @aCN@bTSSF@c20060912 |
| 801 | 2 | @aCN@bNLC@c20060719 |
| 905 | @a10447@dD693.0@e100 | |
| 陈天华集/陈天华著/刘晴波, 彭国兴编校.-长沙:湖南人民出版社,1982 |
| 247页:照片;21cm |
| ISBN :¥0.83 |
| ● |
| 相关链接 |
|
|
|
|
正题名:陈天华集
索取号:D693.0/100
 
预约/预借
| 序号 | 登录号 | 条形码 | 馆藏地/架位号 | 状态 | 备注 |
| 1 | 0427392 | 204273927 | 密集书库/ [索取号:D693.0/100] | 在馆 | |
| 2 | 0427393 | 204273936 | 密集书库/ [索取号:D693.0/100] | 在馆 | |
| 3 | 0427394 | 204273945 | 密集书库/ [索取号:D693.0/100] | 在馆 | |
| 4 | 0427395 | 204273954 | 密集书库/ [索取号:D693.0/100] | 在馆 | |
| 5 | 0473970 | 204739701 | 密集书库/ [索取号:D693.0/100] | 在馆 |